| 000 | 00672cam a22002531 4500 | ||
|---|---|---|---|
| 999 |
_c7428 _d7428 |
||
| 001 | 7428 | ||
| 003 | BD-JhCC | ||
| 005 | 20180418174323.0 | ||
| 008 | 761009s1963 mau 000 0 eng | ||
| 035 | _a(BD-JhCC)7428 | ||
| 040 |
_aDLC _cIEN _dDLC _dBD-JhCC |
||
| 041 | _aeng | ||
| 050 | 0 | 0 |
_aLB2157.A3 _bD7 |
| 082 | 0 | 0 |
_a373 _bDRY 1963 |
| 100 | 1 | _aDrayer, Adam M. | |
| 245 | 1 | 0 |
_aProblems and methods in high school teaching / _c Adam M. Drayer, |
| 260 |
_aBoston, _bHeath _c[1963] |
||
| 300 |
_a303 p. _c21 cm. |
||
| 650 | 0 | _aClassroom management. | |
| 650 | 0 | _aStudent teaching. | |
| 650 | 0 |
_aHigh school students _xDiscipline. |
|
| 942 |
_2ddc _cBK |
||